Statistics for Delta Airline Destinations on a Map

Click here to take the quiz!

General Stats

  • This quiz has been taken 93 times
    (91 since last reset)
  • The average score is 145 of 249

Answers on the Map

Answers color-coded by a green-red scale on the quiz's map according to % correct below.
 

Answer Stats

StatusCity% Correct
DestinationLondon
96%
DestinationParis
96%
DestinationTokyo
95%
HubNew York City (JFK)
94%
HubNew York City (LaGuardia)
94%
DestinationMadrid
94%
DestinationNewark
94%
DestinationRome
94%
DestinationBerlin (Brandenburg)
92%
HubSeattle
92%
DestinationDublin
92%
DestinationFrankfurt
92%
DestinationLisbon
92%
DestinationMexico City
92%
DestinationMiami
92%
DestinationRio de Janeiro
92%
HubBoston
91%
DestinationDenver (International)
91%
DestinationSeoul
91%
DestinationAthens
90%
HubAtlanta
90%
HubDetroit
90%
HubLos Angeles
90%
DestinationCape Town
90%
DestinationChicago (Midway)
90%
DestinationChicago (O'Hare)
90%
DestinationJohannesburg
90%
DestinationLima
90%
DestinationSydney
90%
DestinationAmsterdam
88%
DestinationBuenos Aires
88%
DestinationHouston (George Bush)
88%
DestinationHouston (Hobby)
88%
DestinationSan Diego
88%
DestinationSan Francisco
88%
DestinationWashington, D.C. (Dulles)
88%
DestinationWashington, D.C. (Ronald Reagan)
88%
DestinationAuckland
87%
DestinationBarcelona
87%
DestinationBrussels
87%
DestinationCopenhagen
87%
DestinationHavana
87%
DestinationHonolulu
87%
DestinationLas Vegas
87%
DestinationMilan
87%
DestinationMontréal
87%
DestinationOrlando
87%
DestinationSan Jose (California)
87%
DestinationSan José (Costa Rica)
87%
DestinationSan José del Cabo
87%
DestinationSantiago
87%
DestinationSantiago de los Caballeros
87%
DestinationStockholm
87%
DestinationToronto
87%
DestinationVancouver
87%
DestinationEdinburgh
86%
DestinationPanama City (Panama)
86%
DestinationPortland (Maine)
86%
DestinationPortland (Oregon)
86%
HubMinneapolis-Saint Paul
84%
DestinationCharlotte
84%
DestinationDallas (Fort Worth)
84%
DestinationDallas (Love Field)
84%
DestinationShanghai
84%
DestinationVenice
84%
DestinationZürich
84%
DestinationMunich
83%
DestinationNew Orleans
83%
DestinationSão Paulo
83%
DestinationAustin
82%
DestinationBogotá
82%
DestinationNaples
81%
DestinationTampa
81%
DestinationPhiladelphia
79%
DestinationPhoenix
79%
DestinationAnchorage
78%
DestinationJackson
78%
HubSalt Lake City
77%
DestinationCancún
77%
DestinationGeneva
77%
DestinationJacksonville (Florida)
77%
DestinationJacksonville (North Carolina)
77%
DestinationKingston
77%
DestinationCalgary
75%
DestinationDakar
75%
DestinationLagos
75%
DestinationQuito
75%
DestinationIndianapolis
74%
DestinationMemphis
74%
DestinationOklahoma City
74%
SeasonalTaipei
74%
DestinationKansas City
73%
SeasonalNice
73%
DestinationAccra
71%
DestinationCincinnati/Covington
71%
DestinationCleveland
71%
DestinationColumbus (Mississippi)
71%
DestinationColumbus (Ohio)
71%
DestinationMilwaukee
71%
DestinationNashville
71%
SeasonalReykjavík
71%
DestinationSan Juan
71%
DestinationBaltimore
70%
SeasonalBrisbane
70%
DestinationGuatemala City
70%
DestinationNassau
70%
SeasonalPrague
70%
DestinationSacramento
70%
DestinationSan Antonio
70%
SeasonalTel Aviv
70%
DestinationEl Paso
69%
DestinationLouisville
68%
DestinationPittsburgh
68%
DestinationTucson
68%
Hub✰ Raleigh ✰ (Focus Hub)
66%
DestinationBuffalo
66%
DestinationFort Lauderdale
66%
DestinationSan Salvador
66%
DestinationSt. Louis
66%
DestinationAlbuquerque
65%
DestinationKey West
65%
DestinationBaton Rouge
64%
DestinationBoise
64%
DestinationGuadalajara
64%
DestinationMonterrey
62%
DestinationSanto Domingo
62%
DestinationWinnipeg
62%
DestinationBelize City
60%
DestinationLittle Rock
60%
SeasonalOakland
60%
DestinationRichmond
60%
DestinationAlbany
58%
DestinationBirmingham
58%
DestinationCharleston (South Carolina)
58%
DestinationCharleston (West Virginia)
58%
DestinationColorado Springs
58%
DestinationDes Moines
58%
DestinationJuneau
58%
DestinationProvidence
58%
DestinationSavannah
58%
DestinationFairbanks
57%
SeasonalStuttgart
56%
DestinationRochester
55%
DestinationTallahassee
55%
DestinationTulsa
55%
DestinationOmaha
53%
DestinationReno
53%
SeasonalFresno
52%
DestinationHartford
52%
DestinationMobile
52%
DestinationAugusta
51%
DestinationDayton
51%
DestinationFargo
51%
DestinationSpokane
51%
DestinationMadison
49%
DestinationBismarck
48%
DestinationColumbia
48%
DestinationGreen Bay
48%
DestinationGreensboro
48%
DestinationLexington
48%
DestinationNorfolk
48%
DestinationFort Myers
47%
DestinationGrand Rapids
47%
DestinationSpringfield
47%
DestinationHarrisburg
45%
DestinationSyracuse
45%
DestinationBillings
44%
DestinationKnoxville
44%
DestinationMelbourne
44%
DestinationPunta Cana
44%
SeasonalShannon
44%
DestinationSioux Falls
44%
DestinationWichita
44%
DestinationBurlington
40%
SeasonalDuluth
40%
DestinationBangor
39%
DestinationDaytona Beach
39%
DestinationShreveport
39%
DestinationCedar Rapids
38%
DestinationMontego Bay
38%
DestinationPensacola
38%
DestinationChattanooga
36%
DestinationLong Beach
36%
DestinationCartagena
35%
DestinationHuntsville
35%
DestinationMyrtle Beach
35%
SeasonalPalm Springs
35%
DestinationAsheville
32%
SeasonalBridgetown
32%
DestinationFayetteville (Arkansas)
32%
DestinationFayetteville (North Carolina)
32%
DestinationWest Palm Beach
32%
DestinationWilmington
32%
DestinationGainesville
31%
DestinationKahului
31%
DestinationSanta Ana
31%
SeasonalSanta Barbara
31%
DestinationSarasota
31%
DestinationBozeman
30%
DestinationBurbank
30%
DestinationOntario
30%
DestinationPapeete
30%
DestinationGeorge Town
29%
DestinationGreenville
29%
DestinationMissoula
29%
DestinationWorcester
29%
DestinationCharlottesville
27%
DestinationCozumel
26%
DestinationGulfport
26%
DestinationHamilton
26%
DestinationSan Pedro Sula
26%
DestinationCasper
23%
DestinationKona
23%
DestinationLiberia
23%
DestinationPanama City (Florida)
23%
DestinationPuerto Vallarta
23%
DestinationWillemstad
23%
DestinationEvansville
22%
DestinationAppleton
21%
DestinationGrand Cayman
21%
DestinationGrand Forks
21%
DestinationRoanoke
21%
DestinationTulum
21%
DestinationIdaho Falls
19%
DestinationJackson Hole
19%
DestinationLihue
19%
DestinationOranjestad
19%
SeasonalSaint Kitts
19%
DestinationSaint Thomas
19%
SeasonalVail
19%
SeasonalTraverse City
18%
DestinationMinot
17%
DestinationKalispell
14%
SeasonalPuerto Plata
14%
DestinationWhite Plains
14%
DestinationKralendijk
13%
SeasonalMazatlán
13%
DestinationRoatán
13%
DestinationFort Walton Beach
12%
DestinationMonroe
12%
DestinationSaint Croix
12%
DestinationBristol
10%
SeasonalHarlingen
9%
DestinationPhilipsburg
8%
SeasonalHayden
6%
DestinationProvidenciales
6%
SeasonalMontrose
5%
SeasonalOsbourn
4%
DestinationVieux-Fort
3%

Score Distribution

Percentile by Number Answered

Percent of People with Each Score

Your Score History

You have not taken this quiz since the last reset